| 000 | 01667cam a22003731i 4500 | ||
|---|---|---|---|
| 003 | SA-RiAUC | ||
| 005 | 20250617063231.0 | ||
| 008 | 250607s1988 le g b 000r0 ara c | ||
| 040 |
_aAE-AiULD _bara _cSA-RiAUC _erda |
||
| 041 | 1 |
_aara _hfre |
|
| 050 | 4 | _b.B5212 1988 | |
| 050 | 0 | 0 | _bB5212. 1988 |
| 082 | 0 | 4 |
_a091.072 _qSA-RiAUC |
| 090 |
_a091.072 _b ب ل ا |
||
| 100 | 1 |
_aبلاشير، ريجيس، _d1900-1973 _eمؤلف. |
|
| 240 | 1 | 0 |
_aRegles pour editions et traductions de textes arabes. _lArabic |
| 245 | 1 | 0 |
_aقواعد تحقيق المخطوطات العربية وترجمتها : _bوجهة نظر الاستعراب الفرنسي / _cريجيس بلاشير، جان سوفاجيه ؛ ترجمة محمود المقداد. |
| 250 | _aالطبعة الأولى. | ||
| 264 | 1 |
_aبيروت ؛ _aدمشق : _bدار الفكر المعاصر، _c1988 |
|
| 300 |
_a104 صفحة ؛ _c24 سم |
||
| 336 |
_aنص _btxt _2rdacontent _3كتاب |
||
| 337 |
_aبدون وسيط _bn _2rdamedia |
||
| 338 |
_aمجلد _bnc _2rdacarrier |
||
| 504 | _aيشتمل على إرجاعات ببليوجرافية. | ||
| 590 | _aأسماء. | ||
| 650 | 7 |
_aالمخطوطات العربية _xتحقيق _2aucsh |
|
| 650 | 7 |
_aالمخطوطات العربية _xترجمة _2aucsh |
|
| 700 | 1 |
_aسوفاجيه، جان، _d1901-1950 _eمؤلف. |
|
| 700 | 1 |
_aالمقداد، محمود، _d1951- _eمترجم. |
|
| 700 | 1 | 2 |
_iترجمة لـ : _aبلاشير، ريجيس، _d1900-1973 _tRegles pour editions et traductions de textes arabes. |
| 942 |
_2ddc _cBOOK _n0 |
||
| 949 |
_aSA-JeALM _d250607 _umohamedma123 _n1 |
||
| 999 |
_c9062 _d9062 |
||